<?xml version="1.0" encoding="UTF-8"?><?xml-stylesheet type="text/xsl" href="static/style.xsl"?><OAI-PMH xmlns="http://www.openarchives.org/OAI/2.0/" xmlns:xsi="http://www.w3.org/2001/XMLSchema-instance" xsi:schemaLocation="http://www.openarchives.org/OAI/2.0/ http://www.openarchives.org/OAI/2.0/OAI-PMH.xsd"><responseDate>2026-04-17T17:07:06Z</responseDate><request verb="GetRecord" identifier="oai:www.recercat.cat:2445/120407" metadataPrefix="marc">https://recercat.cat/oai/request</request><GetRecord><record><header><identifier>oai:recercat.cat:2445/120407</identifier><datestamp>2025-12-05T12:55:41Z</datestamp><setSpec>com_2072_1057</setSpec><setSpec>col_2072_478817</setSpec><setSpec>col_2072_478917</setSpec></header><metadata><record xmlns="http://www.loc.gov/MARC21/slim" xmlns:dcterms="http://purl.org/dc/terms/" xmlns:xsi="http://www.w3.org/2001/XMLSchema-instance" xmlns:doc="http://www.lyncode.com/xoai" xsi:schemaLocation="http://www.loc.gov/MARC21/slim http://www.loc.gov/standards/marcxml/schema/MARC21slim.xsd">
   <leader>00925njm 22002777a 4500</leader>
   <datafield ind2=" " ind1=" " tag="042">
      <subfield code="a">dc</subfield>
   </datafield>
   <datafield ind2=" " ind1=" " tag="720">
      <subfield code="a">Bernat i Baltrons, Francesc</subfield>
      <subfield code="e">author</subfield>
   </datafield>
   <datafield ind2=" " ind1=" " tag="260">
      <subfield code="c">2018-03-02T15:42:07Z</subfield>
   </datafield>
   <datafield ind2=" " ind1=" " tag="260">
      <subfield code="c">2018-03-02T15:42:07Z</subfield>
   </datafield>
   <datafield ind2=" " ind1=" " tag="260">
      <subfield code="c">2017</subfield>
   </datafield>
   <datafield ind2=" " ind1=" " tag="260">
      <subfield code="c">2018-03-02T15:42:08Z</subfield>
   </datafield>
   <datafield ind2=" " ind1=" " tag="520">
      <subfield code="a">l nostre objectiu en aquest article és presentar les dades d'un estudi, fet a partir d'entrevistes semidirigides, en el qual s'analitzen els usos lingüístics i les ideologies lingüístiques declarades de deu famílies francocatalanes amb fills que resideixen a Catalunya. Aquest estudi s'emmarca dins el projecte Globalització i plurilingüisme social i familiar en comunitats lingüístiques mitjanes (GLOBINMED) de la Universitat de Barcelona, centrat en l'estudi qualitatiu de diferents tipus de parelles lingüísticament mixtes. Descrivim els usos lingüístics dins la parella, de pares a fills, entre germans i els globals entre tots els membres familiars, així com els diferents factors que influeixen en un major o menor ús del català, i la transmissió de les llengües dels pares als fills. Quant a les ideologies dels entrevistats, hem percebut que giren al voltant d'una concepció jeràrquica de les llengües, en què el castellà i el francès tenen un rang superior al català. Amb tot, també defensen que el català sigui sempre present en les interaccions familiars, al costat del francès o el castellà.</subfield>
   </datafield>
   <datafield tag="653" ind2=" " ind1=" ">
      <subfield code="a">Ús lingüístic</subfield>
   </datafield>
   <datafield tag="653" ind2=" " ind1=" ">
      <subfield code="a">Identitat lingüística</subfield>
   </datafield>
   <datafield tag="653" ind2=" " ind1=" ">
      <subfield code="a">Linguistic usage</subfield>
   </datafield>
   <datafield tag="653" ind2=" " ind1=" ">
      <subfield code="a">Linguistic identity</subfield>
   </datafield>
   <datafield ind2="0" ind1="0" tag="245">
      <subfield code="a">Usos i ideologies lingüístics en famílies mixtes francocatalanes del Principat</subfield>
   </datafield>
</record></metadata></record></GetRecord></OAI-PMH>